Veinte poemas de amor y una canción desesperada / (Record no. 106934)

MARC details
000 -CABECERA
campo de control de longitud fija 00587nam a2200193 a 4500
005 - FECHA Y HORA DE LA ÚLTIMA TRANSACCIÓN
campo de control 20220902233034.0
008 - ELEMENTOS DE LONGITUD FIJA--INFORMACIÓN GENERAL
campo de control de longitud fija 010524s1994 es r 000 0 eng d
020 ## - NÚMERO INTERNACIONAL NORMALIZADO PARA LIBROS
Número Internacional Estándar del Libro 8421624008
035 ## - NÚMERO DE CONTROL DEL SISTEMA
Número de control de sistema UPN01000134783
049 ## - COLECCIÓN
Colección CG
050 #4 - SIGNATURA TOPOGRÁFICA DE LA BIBLIOTECA DEL CONGRESO
Número de clasificación PQ8097 N4
Número de documento/Ítem V4.5a
100 1# - ASIENTO PRINCIPAL--NOMBRE PERSONAL
Nombre de persona Neruda, Pablo,
Fechas asociadas al nombre 1904-1973
245 10 - MENCIÓN DE TÍTULO
Título Veinte poemas de amor y una canción desesperada /
Mención de responsabilidad, etc. Pablo Neruda ; introd., notas y actividades de Matías Barchino.
260 ## - PUBLICACIÓN, DISTRIBUCIÓN, ETC.
Lugar de publicación, distribución, etc. [Madrid] :
Nombre del editor, distribuidor, etc. Bruño,
Fecha de publicación, distribución, etc. 1994.
300 ## - DESCRIPCIÓN FÍSICA
Extensión 138 p. :
Otras características físicas il.
440 #3 - MENCIÓN DE SERIE/ASIENTO SECUNDARIO--TÍTULO
Título Anaquel ;
Designación de volumen o secuencia 34
650 #0 - ASIENTO SECUNDARIO DE MATERIA - TERMINO TEMATICO
Término de materia o nombre geográfico como elemento de entrada Poesía chilena
9 (RLIN) 1228
902 ## - ELEMENTOS DE DATOS B LOCAL, LDB (RLIN)
Creó Libro
Holdings
Estado de retiro Estado de pérdida Fuente del sistema de clasificación o colocación Estado dañado No para préstamo Código de colección Localización permanente Ubicación/localización actual Ubicación en estantería Total de préstamos Clasificación Código de barras Fecha visto por última vez Número de copia Tipo de ítem Koha
    Library of Congress Classification     Colección General Bib. Gregorio Torres Quintero Bib. Gregorio Torres Quintero Planta baja 43 PQ8097 N4 V4.5a 209683 31/12/2020 1 Libro